000 00728nam a22002417a 4500
003 UA-OsUOA
001 30154
007 ta
008 20041105b un ||||| |||| 00| 0 ukr d
100 _aПотанин Г.Н.
090 _a913(510)+517.3
_bП64
942 _cBK
040 _aUA-OsUOA
_brus
_cUA-OsUOA
_dUA-OsUOA
245 _aТангутско-тибетская окраина Китая и Центральная Монголия
300 _a652 с.
955 _a0
041 _arus
080 _a913(510)+517.3
260 _aМосква
_bГосударственное издательство географической литературы
_c1950
044 _aRU
650 7 _2UDC
999 _c316561
_d316561